000 00687nam a2200169Ia 4500
008 090201s9999 xx 000 0 und d
010 _aKPL-36567
040 _bमराठी
041 _aमराठी
082 _a27230
_b36567
100 _aकल्पना परांजपे
245 _aमराठी सामाजिक नाटक आणि स्त्री समस्या
_cकल्पना परांजपे
260 _c2004
_bगंधर्ववेद प्रकाशन
300 _a512
_bमोठा
600 _aमराठी सामाजिक नाटक आणि स्त्री समस्या
942 _cBOOK
999 _c226190
_d226190